Čalovo - mesto v strede Žitného ostrova

Zobrazenie: Štyri čiastkové pohľady, každý v bielom orámovaní, všetky spolu v striebornom orámovaní. Dole je medzi nimi erb s vyobrazením fontány a veľkým tlačeným písmenom: "Č". Nad ním je vodorovne názov tmavozeleným písmom na bielom podklade. Pohľad na reštauráciu v pozadí. V popredí sú...

Full description

Bibliographic Details
Other Authors: Šmátrala, Milan (fotograf) (Photographer), Šmátralová, Vlasta (fotografka) (Photographer)
Format: Photo
Language:Slovak
PhysicalDescription:1 pohľadnica (4 čiastkové pohľady) farebná 11 x 15 cm
Published: Bratislava Pravda 1988
Subjects:

MARC

LEADER 00000ckm a2200000 a 4500
001 vtls001202799
003 SK-MaSNL
005 20260331203045.0
007 kf co
008 180703s1988 xo g 0kuslo
015 |a SNBG1988 
035 |a SNK000145869 
040 |a SNK  |b slo  |c SNK  |e AACR2 
041 0 |a slo 
043 |a e-xo--- 
044 |a xo  |c SK 
072 7 |a 913  |x Regionálna geografia  |2 konspekt 
080 |a 913(437.6)  |2 2011 
080 |a (084.121)  |2 2011 
080 |a 640.43  |2 2011 
080 |a 725.1:613.47-026.651  |2 2011 
080 |a 725.1:613.47-026.911  |2 2011 
080 |a 725.84  |2 2011 
080 |a 711.455  |2 2011 
100 1 |a Šmátrala, Milan  |c (fotograf)  |4 pht  |9 164919 
245 1 0 |a Čalovo - mesto v strede Žitného ostrova  |h grafika  |c foto Milan Šmátrala, Vlasta Šmátralová 
246 1 |i Názov na obrazovej časti:  |a Čalovo 
260 |a Bratislava  |b Pravda  |c 1988  |e [Bratislava]  |f TZP-B 
300 |a 1 pohľadnica (4 čiastkové pohľady)  |b farebná  |c 11 x 15 cm 
500 |a Na adresnej časti uvedené: "Čalovo - mesto v strede Žitného ostrova. V areáli mesta je známa rekreačná oblasť s termálnym kúpaliskom" 
520 8 |a Zobrazenie: Štyri čiastkové pohľady, každý v bielom orámovaní, všetky spolu v striebornom orámovaní. Dole je medzi nimi erb s vyobrazením fontány a veľkým tlačeným písmenom: "Č". Nad ním je vodorovne názov tmavozeleným písmom na bielom podklade. Pohľad na reštauráciu v pozadí. V popredí sú zaparkované autá. Pred nimi sú nízke tuje. Vľavo vozadí je pred reštauráciou vysoká pouličná lampa. Na streche budovy je nápis: "Reštaurácia Thermál". Pohľad na veľký bazén plný ľudí. V popredí sedia na jeho okraji dve ženy v plavkách. V pozadí za bazénom vidno tri poschodové rekreačné budovy. Pohľad na veľký bazén, na jeho okraji sedia v popredí tri deti, vpravo za nimi stojí sklonená jedna žena nad ďalším, menším dieťaťom stojacim vo vode bazéna. V pozadí za bazénom sú další ľudia, medzi nimi vidno kolotoč a vpravo aj časť šmýkaly. Za nimi je rad hustých listnatých stromov. Pohľad na trávnatú plochu, na ktorej sa slnia návštevníci termálneho kúpaliska. V popredí sú nad nimi tri veľké slnečníky. Vľavo za nimi vidno jednu vysokú lampu. V pozadí sú na okraji areálu husté listnaté stromy 
650 0 7 |a reštaurácie  |2 SNKPH  |9 23080 
650 0 7 |a bazény  |2 SNKPH  |9 30214 
650 0 7 |a termálne kúpaliská  |2 SNKPH  |9 4389 
650 0 7 |a rekreačné zariadenia  |2 SNKPH  |9 3012 
650 0 7 |a rekreačné oblasti  |2 SNKPH  |9 69057 
651 7 |a Veľký Meder (Slovensko)  |2 SNKPHgeo  |9 19224 
655 7 |a miestne pohľadnice  |2 SNKPH  |9 70510 
700 1 |a Šmátralová, Vlasta  |c (fotografka)  |4 pht  |9 283285 
958 |a GBN 
958 |a GC 
958 |a OND 
999 |c 1139949  |d 1141879 
952 |a SNK  |b SNK  |y PREZ  |7 0  |p 17A1291201  |o snkSP 140252  |i snk3393/88  |0 0  |1 0  |4 0  |d 2021-11-04  |f 1  |l 0  |r 2026-02-24 19:31:21  |w 2026-02-24 
952 |a SNK  |b SNK  |y PREZ  |7 0  |p 17A1291200  |o snkSP 140252 D1  |i snk3394/88  |0 0  |1 0  |4 0  |d 2021-11-04  |l 0  |r 2026-02-24 19:31:21  |w 2026-02-24